[Event "Helsingor Xtracon op"]
[Site "Helsingor"]
[Date "2017.07.24"]
[Round "4"]
[White "Calderon, Paul"]
[Black "Kristensen, Thomas Overgaard"]
[Result "1-0"]
[WhiteElo "1814"]
[BlackElo "1610"]
[PlyCount "77"]
[EventDate "2017.07.22"]
[EventType "swiss"]
[EventRounds "10"]
[EventCountry "DEN"]
[SourceTitle "CBM 179 Extra"]
[Source "ChessBase"]
[SourceDate "2017.08.23"]
[SourceVersion "1"]
[SourceVersionDate "2017.08.23"]
[SourceQuality "1"]

1. c4 Nf6 2. Nc3 e6 3. e4 d5 4. e5 d4 5. exf6 dxc3 6. bxc3 Qxf6 7. d4 Nd7 8. Nf3 h6 9. Bd3 Bd6 10. 0-0 0-0 11. Re1 b6 12. Be4 Rb8 13. Qa4 a5 14. Bc6 Rd8 15. Rb1 Qf5 16. Be3 e5 17. c5 Bf8 18. cxb6 cxb6 19. Nxe5 Nxe5 20. dxe5 Qxe5 21. Bf4 Qf6 22. Bxb8 Bf5 23. Be5 Qg5 24. Rbd1 Rd2 25. Qf4 Rxd1 26. Rxd1 Qg6 27. Bf3 Bc2 28. Re1 Bb1 29. Be4 Bxe4 30. Qxe4 Qe6 31. a4 Qd7 32. h3 f6 33. Bd4 Qxa4 34. Qe6+ Kh8 35. Qe8 Qa3 36. Qf7 a4 37. h4 b5 38. h5 Qd6 39. Re8 1-0

[Event "BCF-ch Week2 AM op"]
[Site "Bournemouth"]
[Date "2016.08.04"]
[Round "4"]
[White "Watson, Mikey J"]
[Black "Calderon, Paul"]
[Result "1/2-1/2"]
[WhiteElo "1494"]
[BlackElo "1828"]
[PlyCount "56"]
[EventDate "2016.08.01"]
[EventType "swiss"]
[EventRounds "5"]
[EventCountry "ENG"]
[SourceTitle "CBM 173 Extra"]
[Source "ChessBase"]
[SourceDate "2016.08.29"]
[SourceVersion "1"]
[SourceVersionDate "2016.08.29"]
[SourceQuality "1"]

1. Nf3 c5 2. c4 Nc6 3. g3 g6 4. d4 cxd4 5. Nxd4 Bg7 6. Nb3 Nf6 7. Bg2 d6 8. 0-0 0-0 9. Nc3 Na5 10. Nxa5 Qxa5 11. Bd2 Qc7 12. b3 a6 13. Rc1 Bd7 14. e4 Rac8 15. Nd5 Nxd5 16. exd5 h5 17. Be3 Bf5 18. Qe2 Qd7 19. Rfd1 Rfe8 20. Qd2 Kh7 21. Bd4 Bh3 22. Bxg7 Kxg7 23. b4 Bxg2 24. Kxg2 Rc7 25. Qd4+ Kg8 26. Rd3 Rec8 27. Rdc3 Qa4 28. a3 Qd7 1/2-1/2

[Event "Helsingor Xtracon op"]
[Site "Helsingor"]
[Date "2016.07.25"]
[Round "4"]
[White "Calderon, Paul"]
[Black "Palozza, Christian"]
[Result "0-1"]
[WhiteElo "1828"]
[BlackElo "2090"]
[PlyCount "100"]
[EventDate "2016.07.23"]
[EventType "swiss"]
[EventRounds "10"]
[EventCountry "DEN"]
[SourceTitle "CBM 173 Extra"]
[Source "ChessBase"]
[SourceDate "2016.08.29"]
[SourceVersion "1"]
[SourceVersionDate "2016.08.29"]
[SourceQuality "1"]

1. c4 c6 2. Nf3 d5 3. b3 e6 4. g3 f5 5. Bb2 Nf6 6. Ne5 Bd6 7. f4 0-0 8. Bg2 Nbd7 9. d4 Ne4 10. 0-0 Ndf6 11. Nc3 Bd7 12. Nxe4 fxe4 13. e3 Be8 14. g4 Nd7 15. g5 Bxe5 16. dxe5 Bg6 17. Ba3 Rf7 18. h4 Bf5 19. h5 Nb8 20. Bd6 Na6 21. Re1 h6 22. g6 Rd7 23. Rc1 Qh4 24. cxd5 exd5 25. Bf1 Qg3+ 26. Kh1 Bg4 27. Qd2 Bf3+ 28. Bg2 Qh3+ 29. Kg1 Bxg2 30. Qxg2 Qxh5 31. Rf1 Qf5 32. Kf2 Nc7 33. Rh1 Nb5 34. Bb4 a5 35. Bc5 a4 36. b4 Re8 37. Ke2 Re6 38. Rhg1 d4 39. exd4 Nxd4+ 40. Ke3 Nf3 41. Rgd1 Rxd1 42. Rxd1 Rxg6 43. Qc2 Rg3 44. Rd8+ Kh7 45. Rf8 Qg6 46. Qxa4 Nd4+ 47. Kd2 Rd3+ 48. Kc1 Qg1+ 49. Kb2 Rd2+ 50. Kc3 Qc1+ 0-1

[Event "GBR-ch Major 102nd"]
[Site "Coventry"]
[Date "2015.08.06"]
[Round "10"]
[White "Camp, Imogen AL"]
[Black "Calderon, Paul"]
[Result "0-1"]
[WhiteElo "1551"]
[BlackElo "1918"]
[PlyCount "78"]
[EventDate "2015.07.27"]
[EventType "swiss"]
[EventRounds "11"]
[EventCountry "ENG"]
[SourceTitle "CBM 167 Extra"]
[Source "ChessBase"]
[SourceDate "2015.09.14"]
[SourceVersion "1"]
[SourceVersionDate "2015.09.14"]
[SourceQuality "1"]

1. d4 Nf6 2. Nf3 b6 3. Bf4 Bb7 4. e3 e6 5. c4 Bb4+ 6. Nc3 Ne4 7. Qc2 f5 8. a3 Bxc3+ 9. bxc3 d6 10. Bd3 Nd7 11. Bxe4 Bxe4 12. Qe2 h6 13. h4 Qe7 14. Bg3 Nf6 15. Rg1 0-0-0 16. Nd2 Bb7 17. f3 e5 18. d5 g5 19. hxg5 Nh5 20. Bf2 Qxg5 21. 0-0-0 Rdg8 22. g4 Nf6 23. gxf5 Qxf5 24. Rxg8+ Rxg8 25. Rg1 Rxg1+ 26. Bxg1 e4 27. Nxe4 Nxe4 28. fxe4 Qxe4 29. Kd2 Ba6 30. Ke1 Bxc4 31. Qh5 Bxd5 32. Qh3+ Kb7 33. Bh2 Qb1+ 34. Kd2 Be4 35. Bf4 Qc2+ 36. Ke1 Qxc3+ 37. Kf2 Qd2+ 38. Kg3 Qe1+ 39. Kh2 Qf2+ 0-1

[Event "GBR-ch Major 102nd"]
[Site "Coventry"]
[Date "2015.08.01"]
[Round "6"]
[White "Mahoney, Nicholas"]
[Black "Calderon, Paul"]
[Result "0-1"]
[WhiteElo "1753"]
[BlackElo "1918"]
[PlyCount "52"]
[EventDate "2015.07.27"]
[EventType "swiss"]
[EventRounds "11"]
[EventCountry "ENG"]
[SourceTitle "CBM 167 Extra"]
[Source "ChessBase"]
[SourceDate "2015.09.14"]
[SourceVersion "1"]
[SourceVersionDate "2015.09.14"]
[SourceQuality "1"]

1. d4 Nf6 2. Bg5 Ne4 3. Bf4 d5 4. f3 Nd6 5. Nc3 e6 6. e4 dxe4 7. Qd2 exf3 8. Nxf3 Nc6 9. 0-0-0 Bd7 10. Be2 Qe7 11. Rhe1 0-0-0 12. Bf1 h6 13. Nd5 Qe8 14. Qc3 Be7 15. Nxc7 Kxc7 16. d5 exd5 17. Rxd5 Be6 18. Rde5 Bf6 19. Nd4 Bxe5 20. Bxe5 a6 21. Bg3 Qd7 22. Nf3 Kc8 23. Ne5 Qc7 24. Nxc6 Qxc6 25. Qe5 Bf5 26. c3 Rhe8 0-1

[Event "BCF-ch Week1 AM op"]
[Site "Coventry"]
[Date "2015.07.31"]
[Round "5"]
[White "Calderon, Paul"]
[Black "Bansal, Rohan"]
[Result "1-0"]
[WhiteElo "1918"]
[BlackElo "1969"]
[PlyCount "102"]
[EventDate "2015.07.27"]
[EventType "swiss"]
[EventRounds "5"]
[EventCountry "ENG"]
[SourceTitle "EXT 2016"]
[Source "ChessBase"]
[SourceDate "2015.10.08"]
[SourceVersion "1"]
[SourceVersionDate "2015.10.08"]
[SourceQuality "1"]

1. Nf3 g6 2. g3 Bg7 3. d4 c5 4. Bg2 Nc6 5. c3 cxd4 6. Nxd4 Nxd4 7. cxd4 Qb6 8. e3 d6 9. Nc3 Bd7 10. 0-0 e6 11. b3 Rc8 12. Qd3 Ne7 13. Na4 Qb5 14. Qxb5 Bxb5 15. Rd1 Bxa4 16. bxa4 d5 17. Ba3 Rc3 18. Bb4 Rc4 19. a3 Nc6 20. Bf1 Rc2 21. Rdc1 Nxb4 22. axb4 Rxc1 23. Rxc1 Kd8 24. a5 Bf8 25. b5 Bb4 26. b6 a6 27. Rc7 Bxa5 28. Rxb7 Rf8 29. Bxa6 h6 30. Kf1 g5 31. Ke2 f5 32. f4 gxf4 33. gxf4 h5 34. Kd1 h4 35. h3 Ke8 36. Kc2 Kd8 37. Kb3 Bxb6 38. Rxb6 Rf6 39. Kb4 Rg6 40. Kc5 Ke7 41. Rb7+ Kf6 42. Kd6 Rg3 43. Re7 Rxe3 44. Bc8 Rxh3 45. Rxe6+ Kg7 46. Ke5 Rf3 47. Kxf5 Rd3 48. Ke5 h3 49. Kxd5 h2 50. Re1 Rf3 51. f5 Rf2 1-0

[Event "GBR-ch Major 102nd"]
[Site "Coventry"]
[Date "2015.07.31"]
[Round "5"]
[White "Calderon, Paul"]
[Black "Clayton, Tristan"]
[Result "1/2-1/2"]
[WhiteElo "1918"]
[BlackElo "1740"]
[PlyCount "84"]
[EventDate "2015.07.27"]
[EventType "swiss"]
[EventRounds "11"]
[EventCountry "ENG"]
[SourceTitle "CBM 167 Extra"]
[Source "ChessBase"]
[SourceDate "2015.09.14"]
[SourceVersion "1"]
[SourceVersionDate "2015.09.14"]
[SourceQuality "1"]

1. Nf3 d5 2. b3 Nf6 3. e3 Bg4 4. Bb2 e6 5. h3 Bxf3 6. Qxf3 Be7 7. d4 Nbd7 8. Bd3 c6 9. 0-0 0-0 10. c4 Re8 11. Nd2 Nf8 12. e4 dxe4 13. Nxe4 Nxe4 14. Qxe4 Bf6 15. Rad1 Qb6 16. Bb1 Rad8 17. Rd2 Rd7 18. Rfd1 Red8 19. Kh1 Qa5 20. Rd3 Qc7 21. h4 a6 22. h5 c5 23. Bc3 cxd4 24. Bxd4 Bxd4 25. Rxd4 Rxd4 26. Rxd4 Rxd4 27. Qxd4 Qa5 28. Qd1 Qe5 29. Bc2 g6 30. g4 Kg7 31. Kg2 Qg5 32. Kh3 Qe5 33. Qf3 h6 34. hxg6 Nxg6 35. Bxg6 Kxg6 36. Qxb7 Qe2 37. c5 Qxf2 38. Qe4+ Kg7 39. c6 Qf1+ 40. Qg2 Qd3+ 41. Kh4 Qd8+ 42. g5 Qd4+ 1/2-1/2

[Event "BCF-ch Week1 AM op"]
[Site "Coventry"]
[Date "2015.07.30"]
[Round "4"]
[White "Eagleton, Greg T"]
[Black "Calderon, Paul"]
[Result "1-0"]
[WhiteElo "1994"]
[BlackElo "1918"]
[PlyCount "83"]
[EventDate "2015.07.27"]
[EventType "swiss"]
[EventRounds "5"]
[EventCountry "ENG"]
[SourceTitle "EXT 2016"]
[Source "ChessBase"]
[SourceDate "2015.10.08"]
[SourceVersion "1"]
[SourceVersionDate "2015.10.08"]
[SourceQuality "1"]

1. d4 Nf6 2. Nf3 b6 3. Nbd2 Bb7 4. e3 e6 5. Bd3 d5 6. c3 Be7 7. Ne5 0-0 8. 0-0 c5 9. Qc2 Qc7 10. f4 Ba6 11. Bxa6 Nxa6 12. Rf3 Qb7 13. Rh3 Nc7 14. Nd7 Rfd8 15. Nxf6+ Bxf6 16. Qxh7+ Kf8 17. Qd3 Ke7 18. b3 Rh8 19. Rf3 g6 20. a4 Ne8 21. Ba3 Rc8 22. e4 Kf8 23. e5 Be7 24. Nf1 Nc7 25. Ne3 Na6 26. Raf1 Rc7 27. g4 cxd4 28. Bxe7+ Kxe7 29. cxd4 Nb4 30. Qd2 a5 31. f5 gxf5 32. gxf5 Rg8+ 33. Kh1 Kd8 34. fxe6 fxe6 35. Qf2 Re7 36. Rf8+ Rxf8 37. Qxf8+ Kd7 38. Ng4 Nc6 39. Nf6+ Kc7 40. Rc1 Rd7 41. Nxd7 Kxd7 42. Qd6+ 1-0

[Event "GBR-ch Major 102nd"]
[Site "Coventry"]
[Date "2015.07.29"]
[Round "3"]
[White "Calderon, Paul"]
[Black "Bullock, Lee"]
[Result "1-0"]
[WhiteElo "1918"]
[BlackElo "1527"]
[PlyCount "81"]
[EventDate "2015.07.27"]
[EventType "swiss"]
[EventRounds "11"]
[EventCountry "ENG"]
[SourceTitle "CBM 167 Extra"]
[Source "ChessBase"]
[SourceDate "2015.09.14"]
[SourceVersion "1"]
[SourceVersionDate "2015.09.14"]
[SourceQuality "1"]

1. Nf3 Nf6 2. b3 e6 3. Bb2 d5 4. e3 c5 5. d4 Nbd7 6. c4 b6 7. Nc3 dxc4 8. Bxc4 Bb7 9. d5 exd5 10. Nxd5 Bd6 11. Nxf6+ Nxf6 12. Bb5+ Kf8 13. 0-0 Qc7 14. h3 Rd8 15. Qc2 Be4 16. Qc3 Bxf3 17. gxf3 Qc8 18. Kg2 Qf5 19. Rg1 Qg5+ 20. Kf1 Qh5 21. Ke2 Rg8 22. Rxg7 Be7 23. Rxg8+ Kxg8 24. Bc4 Qxh3 25. Qe5 Qd7 26. Qg5+ Kf8 27. Bxf6 Bxf6 28. Qxf6 b5 29. Bxf7 Qd2+ 30. Kf1 Rd6 31. Be6+ Ke8 32. Kg2 Qd3 33. Rh1 Qg6+ 34. Qxg6+ hxg6 35. Bg4 Rd2 36. Rh8+ Kf7 37. Rh7+ Kf6 38. Rxa7 c4 39. bxc4 bxc4 40. Rc7 Rc2 41. f4 1-0

[Event "London Classic op 6th"]
[Site "London"]
[Date "2014.12.14"]
[Round "9"]
[White "Calderon, Paul"]
[Black "Barton, R Alan"]
[Result "1-0"]
[WhiteElo "1866"]
[BlackElo "2042"]
[PlyCount "141"]
[EventDate "2014.12.08"]
[EventType "swiss"]
[EventRounds "9"]
[EventCountry "ENG"]
[SourceTitle "CBM 163 Extra"]
[Source "ChessBase"]
[SourceDate "2014.12.23"]
[SourceVersion "1"]
[SourceVersionDate "2014.12.23"]
[SourceQuality "1"]

1. c4 e5 2. g3 d6 3. Bg2 c6 4. Nc3 f5 5. d4 Be7 6. dxe5 dxe5 7. Qxd8+ Bxd8 8. e4 Nf6 9. Nge2 0-0 10. 0-0 fxe4 11. Nxe4 Nxe4 12. Bxe4 Bh3 13. Bg2 Bxg2 14. Kxg2 Nd7 15. Nc3 Nf6 16. h3 Ba5 17. Ne2 Ne4 18. Be3 Bb6 19. Bxb6 axb6 20. Ng1 Rf7 21. b3 Raf8 22. f3 Nc5 23. Rae1 Ra8 24. Re2 Rd7 25. h4 h6 26. Nh3 Nd3 27. Nf2 Nb4 28. a4 Nd3 29. Nxd3 Rxd3 30. Rb1 Re8 31. Rbb2 Rf8 32. Rf2 Rc3 33. f4 e4 34. Rfe2 Re8 35. Kf2 e3+ 36. Kf3 Kf7 37. b4 Kf6 38. Rbc2 Rb3 39. Rb2 Rd3 40. c5 bxc5 41. bxc5 Re7 42. Rbc2 h5 43. Rc4 Kf5 44. a5 Ra3 45. Rb4 g6 46. Rb6 Rxa5 47. Rxe3 Rxe3+ 48. Kxe3 Kg4 49. Rxb7 Rxc5 50. Rg7 Rc3+ 51. Ke4 Kxg3 52. Rxg6+ Kxh4 53. f5 Rc1 54. f6 c5 55. f7 Rf1 56. Rg7 c4 57. Kd4 Rf4+ 58. Ke3 Rf1 59. Kd4 Rf4+ 60. Ke5 Rf1 61. Ke6 Kh3 62. Rg8 Re1+ 63. Kd5 Rd1+ 64. Kxc4 Rc1+ 65. Kd3 Rf1 66. f8Q Rxf8 67. Rxf8 h4 68. Ke3 Kg2 69. Rg8+ Kh2 70. Kf3 h3 71. Rh8 1-0

[Event "London Classic op 6th"]
[Site "London"]
[Date "2014.12.13"]
[Round "7"]
[White "Calderon, Paul"]
[Black "Osborne, Marcus E"]
[Result "0-1"]
[WhiteElo "1866"]
[BlackElo "2176"]
[PlyCount "48"]
[EventDate "2014.12.08"]
[EventType "swiss"]
[EventRounds "9"]
[EventCountry "ENG"]
[SourceTitle "CBM 163 Extra"]
[Source "ChessBase"]
[SourceDate "2014.12.23"]
[SourceVersion "1"]
[SourceVersionDate "2014.12.23"]
[SourceQuality "1"]

1. c4 Nf6 2. Nc3 e6 3. e4 d5 4. e5 d4 5. exf6 dxc3 6. bxc3 Qxf6 7. d4 e5 8. Nf3 Nc6 9. dxe5 Nxe5 10. Qe2 Bd6 11. c5 0-0 12. cxd6 Bg4 13. Qc2 Nxf3+ 14. gxf3 Qxf3 15. Rg1 Rae8+ 16. Be3 Rxe3+ 17. fxe3 Qxe3+ 18. Be2 Qxg1+ 19. Kd2 Qxa1 20. Bxg4 Qg1 21. Qe4 Qxh2+ 22. Kc1 Qxd6 23. Kc2 Rd8 24. Qxb7 Qg6+ 0-1

[Event "London Classic op 6th"]
[Site "London"]
[Date "2014.12.12"]
[Round "5"]
[White "Lien, Kjell Hakon"]
[Black "Calderon, Paul"]
[Result "0-1"]
[WhiteElo "2078"]
[BlackElo "1866"]
[PlyCount "82"]
[EventDate "2014.12.08"]
[EventType "swiss"]
[EventRounds "9"]
[EventCountry "ENG"]
[SourceTitle "CBM 163 Extra"]
[Source "ChessBase"]
[SourceDate "2014.12.23"]
[SourceVersion "1"]
[SourceVersionDate "2014.12.23"]
[SourceQuality "1"]

1. e4 c5 2. Ne2 Nc6 3. d4 cxd4 4. Nxd4 e5 5. Nb5 d6 6. c4 a6 7. N5c3 Be7 8. Be2 f5 9. f4 Nf6 10. fxe5 dxe5 11. Qxd8+ Bxd8 12. exf5 Bxf5 13. 0-0 Bb6+ 14. Kh1 Bg6 15. Bg5 0-0 16. Nd2 Nd4 17. Bf3 Nxf3 18. Nxf3 Rae8 19. Rfe1 e4 20. Nh4 Ng4 21. h3 Nf2+ 22. Kh2 Bf7 23. Nd5 Bxd5 24. cxd5 h6 25. Be3 Bxe3 26. Rxe3 g5 27. Ng6 Rf6 28. Kg3 Nd3 29. Rd1 Nxb2 30. Rd4 Rxg6 31. d6 Rd8 32. d7 Rg7 33. Rb3 Nd3 34. Rxb7 Nc5 35. Rc7 Rgxd7 36. Rdxd7 Nxd7 37. Rc6 Kg7 38. Rxa6 Nf6 39. a4 Re8 40. Kf2 e3+ 41. Ke2 Nh5 0-1

[Event "London Classic op 6th"]
[Site "London"]
[Date "2014.12.08"]
[Round "1"]
[White "Gavriel, Tryfon"]
[Black "Calderon, Paul"]
[Result "1-0"]
[WhiteElo "2128"]
[BlackElo "1866"]
[PlyCount "127"]
[EventDate "2014.12.08"]
[EventType "swiss"]
[EventRounds "9"]
[EventCountry "ENG"]
[SourceTitle "CBM 163 Extra"]
[Source "ChessBase"]
[SourceDate "2014.12.23"]
[SourceVersion "1"]
[SourceVersionDate "2014.12.23"]
[SourceQuality "1"]

1. e4 c5 2. Nf3 Nc6 3. d4 cxd4 4. Nxd4 e5 5. Nb5 d6 6. c4 a6 7. N5c3 Be7 8. Nd5 Nf6 9. Nbc3 0-0 10. Be2 Be6 11. Be3 Ne8 12. Qd2 f5 13. exf5 Bxf5 14. Rd1 Rb8 15. 0-0 Qd7 16. b4 Qe6 17. b5 Nd8 18. g4 Bg6 19. f4 Bf7 20. f5 Qd7 21. Ba7 Rc8 22. Nb6 Qc7 23. Nxc8 Qxc8 24. Nd5 Bxd5 25. Qxd5+ Kh8 26. bxa6 Qa8 27. Bb6 Qxa6 28. Qa5 Nc6 29. Qxa6 bxa6 30. Bf3 Nb4 31. Rf2 Nf6 32. Ba5 d5 33. cxd5 Bc5 34. Bxb4 Bxb4 35. Re2 e4 36. Bxe4 Nxg4 37. Rc1 Ba5 38. Rc6 Bb4 39. d6 h6 40. h3 Ne5 41. Rxa6 Rd8 42. Kg2 Bxd6 43. Ra8 Rxa8 44. Bxa8 Kg8 45. a4 Bc7 46. Rc2 Bb6 47. a5 Bd4 48. a6 Nd3 49. Rc7 Nf4+ 50. Kf3 Nh5 51. Bd5+ Kh7 52. a7 Bxa7 53. Rxa7 Nf6 54. Bf7 h5 55. Bg6+ Kh6 56. h4 Nd7 57. Ra8 Nf8 58. Rb8 Nxg6 59. Rb6 Kh7 60. Rxg6 Kg8 61. Kf4 Kh7 62. Kg5 Kh8 63. f6 Kh7 64. f7 1-0

[Event "BCF-ch U16"]
[Site "Aberystwyth"]
[Date "2014.07.26"]
[Round "7"]
[White "Lewis, Jordan"]
[Black "Calderon, Paul"]
[Result "1-0"]
[WhiteElo "1898"]
[BlackElo "1753"]
[PlyCount "89"]
[EventDate "2014.07.21"]
[EventType "swiss"]
[EventRounds "7"]
[EventCountry "WLS"]
[SourceTitle "CBM 161 Extra"]
[Source "ChessBase"]
[SourceDate "2014.08.29"]
[SourceVersion "1"]
[SourceVersionDate "2014.08.29"]
[SourceQuality "1"]

1. e4 c5 2. Nc3 Nc6 3. g3 e6 4. Bg2 Nf6 5. d3 Be7 6. f4 d5 7. e5 Nd7 8. Nf3 a6 9. 0-0 b5 10. Ne2 Bb7 11. c3 b4 12. c4 Nb6 13. b3 Qc7 14. Qc2 Rd8 15. Bb2 0-0 16. Rad1 d4 17. Kf2 f6 18. exf6 Bxf6 19. Nd2 Ne7 20. Bxb7 Qxb7 21. Ne4 Nd7 22. g4 Bh4+ 23. Kg1 Qc7 24. Bc1 Ng6 25. Kg2 Be7 26. Rf2 Nf6 27. Nxf6+ Rxf6 28. Rdf1 Rdf8 29. Bd2 Bd6 30. Qc1 Nh4+ 31. Kh3 g5 32. Qe1 Qf7 33. Ng3 Bxf4 34. Nh5 Rh6 35. Bxf4 Rxh5 36. gxh5 Qxh5 37. Qxe6+ Rf7 38. Qe8+ Kg7 39. Be5+ Kh6 40. Qxf7 g4+ 41. Kg3 Nf5+ 42. Qxf5 Qh3+ 43. Kf4 Qe3+ 44. Kxg4 Qh3+ 45. Kxh3 1-0

[Event "BCF-ch U16"]
[Site "Aberystwyth"]
[Date "2014.07.23"]
[Round "3"]
[White "Calderon, Paul"]
[Black "Zhu, Richard"]
[Result "1/2-1/2"]
[WhiteElo "1753"]
[BlackElo "1714"]
[PlyCount "38"]
[EventDate "2014.07.21"]
[EventType "swiss"]
[EventRounds "7"]
[EventCountry "WLS"]
[SourceTitle "CBM 161 Extra"]
[Source "ChessBase"]
[SourceDate "2014.08.29"]
[SourceVersion "1"]
[SourceVersionDate "2014.08.29"]
[SourceQuality "1"]

1. c4 Nf6 2. Nc3 e5 3. g3 Nc6 4. Bg2 Bc5 5. e3 d5 6. cxd5 Nb4 7. d3 Nbxd5 8. a3 0-0 9. Nge2 a6 10. Nxd5 Nxd5 11. Nc3 c6 12. 0-0 Be6 13. Qc2 Ba7 14. b4 Qd7 15. Ne4 Qe7 16. Nc5 Bg4 17. Bb2 a5 18. Qc4 axb4 19. axb4 Bxc5 1/2-1/2

[Event "BCF-ch Week1 PM op"]
[Site "Aberystwyth"]
[Date "2014.07.21"]
[Round "1"]
[White "Calderon, Paul"]
[Black "Wells, Jonathan C"]
[Result "1/2-1/2"]
[WhiteElo "1753"]
[BlackElo "1994"]
[PlyCount "32"]
[EventDate "2014.07.21"]
[EventType "swiss"]
[EventRounds "5"]
[EventCountry "WLS"]
[SourceTitle "EXT 2017"]
[Source "ChessBase"]
[SourceDate "2016.10.25"]
[SourceVersion "1"]
[SourceVersionDate "2016.10.25"]
[SourceQuality "1"]

1. c4 c5 2. Nc3 Nc6 3. g3 g6 4. Bg2 Bg7 5. Nf3 e5 6. d3 d6 7. 0-0 Nge7 8. Ne1 0-0 9. Nc2 Rb8 10. Ne3 a6 11. a4 Nb4 12. Ned5 Nbxd5 13. Nxd5 a5 14. Bg5 f6 15. Bd2 b6 16. Qb3 Bd7 1/2-1/2

[Event "Commonwealth-ch"]
[Site "Glasgow"]
[Date "2014.07.05"]
[Round "6"]
[White "Parks, Joseph"]
[Black "Calderon, Paul"]
[Result "1/2-1/2"]
[WhiteElo "1911"]
[BlackElo "1753"]
[PlyCount "40"]
[EventDate "2014.06.30"]
[EventType "swiss"]
[EventRounds "9"]
[EventCountry "SCO"]
[SourceTitle "CBM 161 Extra"]
[Source "ChessBase"]
[SourceDate "2014.08.29"]
[SourceVersion "1"]
[SourceVersionDate "2014.08.29"]
[SourceQuality "1"]

1. d4 Nf6 2. Nf3 e6 3. e3 b6 4. Bd3 Bb7 5. Nbd2 d5 6. 0-0 Bd6 7. b3 0-0 8. Bb2 Nbd7 9. Ne5 Ne4 10. f4 f6 11. Ng4 f5 12. Ne5 Ndf6 13. Bxe4 fxe4 14. c4 c5 15. g4 Nd7 16. g5 Nxe5 17. dxe5 Be7 18. Qg4 Rf5 19. cxd5 Bxd5 20. Rad1 Qe8 1/2-1/2

[Event "Hampstead op U2200 12"]
[Site "Hampstead"]
[Date "2013.12.22"]
[Round "5"]
[White "Calderon, Paul"]
[Black "Verma, Aditya"]
[Result "0-1"]
[WhiteElo "1821"]
[BlackElo "1630"]
[PlyCount "86"]
[EventDate "2013.12.21"]
[EventType "swiss"]
[EventRounds "5"]
[EventCountry "ENG"]
[SourceTitle "EXT 2015"]
[Source "ChessBase"]
[SourceDate "2014.11.20"]
[SourceVersion "1"]
[SourceVersionDate "2014.11.20"]
[SourceQuality "1"]

1. c4 Nf6 2. Nc3 e6 3. e4 Bb4 4. Nge2 c5 5. a3 Ba5 6. g3 Nc6 7. Bg2 0-0 8. 0-0 b6 9. Nb5 Bb7 10. Nd6 Qc7 11. Nxb7 Qxb7 12. d4 d6 13. Rb1 b5 14. cxb5 Qxb5 15. dxc5 dxc5 16. Qc2 h6 17. Be3 Bb6 18. Nc3 Qa5 19. e5 Nxe5 20. Bxa8 Rxa8 21. Na4 Nf3+ 22. Kg2 Nd4 23. Bxd4 cxd4 24. Nxb6 Qxb6 25. Rbc1 Rb8 26. b4 a5 27. Rb1 Rd8 28. Rfd1 axb4 29. Rxb4 Qa7 30. a4 e5 31. Qb3 Rd7 32. Rb5 Qc7 33. a5 Kh7 34. Rb6 Nd5 35. Ra6 Nc3 36. Re1 e4 37. Qb6 Qxb6 38. axb6 d3 39. Ra7 Rd6 40. Rc7 d2 41. Rd1 Nxd1 42. b7 Rb6 43. Rc2 Ne3+ 0-1

[Event "London Classic op-B 5th"]
[Site "London"]
[Date "2013.12.15"]
[Round "4"]
[White "Calderon, Paul"]
[Black "Cairns, Stephen"]
[Result "1/2-1/2"]
[WhiteElo "1821"]
[BlackElo "2022"]
[PlyCount "87"]
[EventDate "2013.12.13"]
[EventType "swiss"]
[EventRounds "5"]
[EventCountry "ENG"]
[SourceTitle "EXT 2016"]
[Source "ChessBase"]
[SourceDate "2015.10.08"]
[SourceVersion "1"]
[SourceVersionDate "2015.10.08"]
[SourceQuality "1"]

1. c4 c6 2. e4 d5 3. cxd5 cxd5 4. exd5 Nf6 5. Nc3 Nxd5 6. d4 e6 7. a3 Nc6 8. Nf3 Bd6 9. Nxd5 exd5 10. Be3 0-0 11. Bd3 Bg4 12. h3 Bh5 13. 0-0 Qf6 14. Be2 Na5 15. Nd2 Bxe2 16. Qxe2 a6 17. b4 Nc6 18. Nb3 Bc7 19. Qd2 Rfe8 20. Rac1 h5 21. Nc5 b6 22. Nb3 Qd6 23. g3 Qe6 24. Kg2 Qe4+ 25. f3 Qxe3 26. Qxe3 Rxe3 27. Rxc6 Rxb3 28. Rxc7 Re8 29. Rf2 Rxa3 30. Rc6 Re6 31. Rc8+ Kh7 32. Rd8 Rb3 33. Rxd5 Rxb4 34. Rxh5+ Kg8 35. Rc2 g6 36. Rd5 Re3 37. Rd8+ Kg7 38. g4 Rd3 39. d5 Rbb3 40. Rcc8 Rxf3 41. d6 Rg3+ 42. Kf2 Rgf3+ 43. Kg2 Rg3+ 44. Kf2 1/2-1/2

[Event "London Classic op-B 5th"]
[Site "London"]
[Date "2013.12.14"]
[Round "3"]
[White "Bridger, Michael J"]
[Black "Calderon, Paul"]
[Result "1/2-1/2"]
[WhiteElo "2060"]
[BlackElo "1821"]
[PlyCount "29"]
[EventDate "2013.12.13"]
[EventType "swiss"]
[EventRounds "5"]
[EventCountry "ENG"]
[SourceTitle "EXT 2016"]
[Source "ChessBase"]
[SourceDate "2015.10.08"]
[SourceVersion "1"]
[SourceVersionDate "2015.10.08"]
[SourceQuality "1"]

1. Nf3 c5 2. c4 Nc6 3. g3 g6 4. Bg2 Bg7 5. Nc3 Nf6 6. d3 d6 7. Bd2 0-0 8. Qc1 Bd7 9. Bh6 Qc8 10. h4 Rb8 11. h5 Ng4 12. Bxg7 Kxg7 13. Bh3 Rh8 14. Nd5 f6 15. h6+ 1/2-1/2

[Event "BCF-ch U16"]
[Site "Torquay"]
[Date "2013.08.03"]
[Round "7.3"]
[White "Calderon, Paul"]
[Black "Malhotra, Tarun"]
[Result "1/2-1/2"]
[WhiteElo "1778"]
[BlackElo "1998"]
[PlyCount "105"]
[EventDate "2013.07.29"]
[EventType "swiss"]
[EventRounds "7"]
[EventCountry "ENG"]
[SourceTitle "EXT 2023"]
[Source "ChessBase"]
[SourceDate "2022.10.05"]
[SourceVersion "1"]
[SourceVersionDate "2022.10.05"]
[SourceQuality "1"]

1. c4 Nf6 2. Nc3 g6 3. e4 d6 4. d4 Bg7 5. Be2 0-0 6. Be3 c6 7. g4 e5 8. d5 Ne8 9. h4 f5 10. gxf5 gxf5 11. f3 f4 12. Bf2 Nf6 13. Bf1 c5 14. Bh3 Na6 15. Bxc8 Rxc8 16. h5 h6 17. Bh4 Nc7 18. Qc2 Qd7 19. Bxf6 Rxf6 20. Nh3 b5 21. b3 bxc4 22. bxc4 Na8 23. Kd2 Nb6 24. Kd3 Rb8 25. Rab1 Rff8 26. Nf2 Rb7 27. Ng4 Kh8 28. Rhg1 Rbb8 29. Nf2 Rf6 30. Rg6 Rxg6 31. hxg6 Qe8 32. Rg1 Bf6 33. Nh3 Kg7 34. Qg2 Qc8 35. Rb1 Qa6 36. Rb5 Nxc4 37. a4 Na3 38. Qg4 Nxb5 39. Qd7+ Kxg6 40. Qf5+ Kg7 41. Qd7+ Kh8 42. axb5 Qb6 43. Nf2 Rd8 44. Qe6 Bg7 45. Ng4 Qc7 46. Nxh6 Bxh6 47. Qxh6+ Kg8 48. Qg6+ Kf8 49. Qf6+ Ke8 50. Qh8+ Kd7 51. Qh3+ Ke8 52. Qh8+ Kd7 53. Qh3+ 1/2-1/2